Statistiques concernant Sous-ensembles géostratégiques de l'Europe

Cliquez ici pour prendre le quiz!

Statistiques générales

  • Ce quiz a été pris 92 fois
  • Le résultat moyen est 240 sur 275

Statistiques - réponses

QuestionTuileSelect% Correct
du BeneluxAllemagneNon
100%
du BeneluxAndorreNon
100%
du BeneluxAutricheNon
100%
du BeneluxBelgiqueOui
100%
du BeneluxChypreNon
100%
du BeneluxDanemarkNon
100%
du BeneluxEspagneNon
100%
du BeneluxFinlandeNon
100%
du BeneluxFranceNon
100%
du BeneluxGrèceNon
100%
du BeneluxIrlandeNon
100%
du BeneluxIslandeNon
100%
du BeneluxItalie + Saint-SiègeNon
100%
du BeneluxLiechtensteinNon
100%
du BeneluxMalteNon
100%
du BeneluxMonacoNon
100%
du BeneluxNorvègeNon
100%
du BeneluxPortugalNon
100%
du BeneluxRoyaume-Uni de Grande-Bretagne et d'Irlande du nordNon
100%
du BeneluxSaint-MarinNon
100%
du BeneluxSuèdeNon
100%
du BeneluxSuisseNon
100%
du BeneluxTurquie (d'Europe)Non
100%
du BeneluxPays-BasOui
99%
des Îles britanniquesAllemagneNon
97%
de l'Europe latineAllemagneNon
97%
des Îles britanniquesAndorreNon
97%
de l'Europe du nordAndorreNon
97%
de l'Europe germaniqueAndorreNon
97%
de l'Europe du nordAutricheNon
97%
des Îles britanniquesAutricheNon
97%
des Îles britanniquesBelgiqueNon
97%
de l'Europe du nordChypreNon
97%
de l'Europe germaniqueChypreNon
97%
des Îles britanniquesDanemarkNon
97%
de l'Europe latineDanemarkNon
97%
de l'Europe germaniqueEspagneNon
97%
des Îles britanniquesEspagneNon
97%
de l'Europe du nordEspagneNon
97%
de l'Europe germaniqueFinlandeNon
97%
de l'Europe latineFinlandeNon
97%
des Îles britanniquesFinlandeNon
97%
de l'Europe du nordFinlandeOui
97%
de l'Europe du nordFranceNon
97%
des Îles britanniquesFranceNon
97%
des Îles britanniquesGrand-Duché du LuxembourgNon
97%
de l'Europe du nordGrèceNon
97%
des Îles britanniquesGrèceNon
97%
de l'Europe germaniqueGrèceNon
97%
de l'Europe latineIrlandeNon
97%
des Îles britanniquesIslandeNon
97%
de l'Europe latineIslandeNon
97%
de l'Europe du nordItalie + Saint-SiègeNon
97%
de l'Europe germaniqueItalie + Saint-SiègeNon
97%
des Îles britanniquesItalie + Saint-SiègeNon
97%
de l'Europe latineLiechtensteinNon
97%
de l'Europe du nordLiechtensteinNon
97%
des Îles britanniquesLiechtensteinNon
97%
de l'Europe germaniqueMalteNon
97%
de l'Europe du nordMalteNon
97%
des Îles britanniquesMalteNon
97%
de l'Europe du nordMonacoNon
97%
de l'Europe germaniqueMonacoNon
97%
des Îles britanniquesMonacoNon
97%
des Îles britanniquesNorvègeNon
97%
de l'Europe latineNorvègeNon
97%
de l'Europe latinePays-BasNon
97%
des Îles britanniquesPays-BasNon
97%
des Îles britanniquesPortugalNon
97%
de l'Europe du nordPortugalNon
97%
de l'Europe germaniquePortugalNon
97%
de l'Europe germaniqueSaint-MarinNon
97%
des Îles britanniquesSaint-MarinNon
97%
de l'Europe du nordSaint-MarinNon
97%
des Îles britanniquesSuèdeNon
97%
de l'Europe du nordSuèdeOui
97%
de l'Europe latineSuèdeNon
97%
de l'Europe du nordSuisseNon
97%
des Îles britanniquesSuisseNon
97%
de l'Europe du nordTurquie (d'Europe)Non
97%
de l'Europe germaniqueTurquie (d'Europe)Non
97%
des Îles britanniquesTurquie (d'Europe)Non
97%
de l'Europe latineTurquie (d'Europe)Non
97%
de l'Europe balkanique-Non
96%
de l'Europe Centrale-Non
96%
de l'Ex-Union soviétique européenne (Espace européen post-soviétique)-Non
96%
de l'Europe germaniqueAllemagneOui
96%
de l'Europe méditerranéenne (/de Méditerranée) orientaleAllemagneNon
96%
de l'Europe balkaniqueArménieNon
96%
de l'Europe latineAutricheNon
96%
de l'Europe méditerranéenne (/de Méditerranée) orientaleAutricheNon
96%
de l'Europe méditerranéenne (/de Méditerranée) orientaleBelgiqueNon
96%
des Îles britanniquesChypreNon
96%
de l'Europe méditerranéenne (/de Méditerranée) orientaleDanemarkNon
96%
de l'Europe méditerranéenne (/de Méditerranée) orientaleFinlandeNon
96%
de l'Europe balkaniqueGéorgieNon
96%
du BeneluxGrand-Duché du LuxembourgOui
96%
de l'Europe méditerranéenne (/de Méditerranée) orientaleGrand-Duché du LuxembourgNon
96%
de l'Europe méditerranéenne (/de Méditerranée) orientaleIrlandeNon
96%
de l'Europe méditerranéenne (/de Méditerranée) orientaleIslandeNon
96%
de l'Europe méditerranéenne (/de Méditerranée) orientaleLiechtensteinNon
96%
de l'Europe méditerranéenne (/de Méditerranée) orientaleNorvègeNon
96%
de l'Europe méditerranéenne (/de Méditerranée) orientalePays-BasNon
96%
de l'Europe latineRoyaume-Uni de Grande-Bretagne et d'Irlande du nordNon
96%
de l'Europe méditerranéenne (/de Méditerranée) orientaleRoyaume-Uni de Grande-Bretagne et d'Irlande du nordNon
96%
de l'Europe balkaniqueRussie (d'Europe)Non
96%
de l'Europe méditerranéenne (/de Méditerranée) orientaleSuèdeNon
96%
de l'Europe méditerranéenne (/de Méditerranée) orientaleSuisseNon
96%
de l'Europe balkaniqueTchéquie / République tchèqueNon
96%
de l'Europe germaniqueAutricheOui
95%
de l'Europe balkaniqueAzerbaïdjanNon
95%
de l'Europe balkaniqueBélarusNon
95%
de l'Europe latineChypreNon
95%
de l'Europe balkaniqueEstonieNon
95%
de l'Europe germaniqueFranceNon
95%
de l'Europe latineGrand-Duché du LuxembourgNon
95%
de l'Europe germaniqueIrlandeNon
95%
de l'Europe balkaniqueLettonieNon
95%
de l'Europe balkaniqueLituanieNon
95%
de l'Europe balkaniquePologneNon
95%
de l'Europe balkaniqueUkraineNon
95%
de l'Europe baltique / des Pays baltes (Espace européen post-soviétique)-Non
94%
de l'Europe baltique / des Pays baltes (Espace européen post-soviétique)AlbanieNon
94%
de l'Europe méditerranéenne (/de Méditerranée) orientaleAndorreNon
94%
de l'Europe baltique / des Pays baltes (Espace européen post-soviétique)ArménieNon
94%
de l'Europe baltique / des Pays baltes (Espace européen post-soviétique)BélarusNon
94%
de l'Europe baltique / des Pays baltes (Espace européen post-soviétique)Bosnie-HerzégovineNon
94%
de l'Europe baltique / des Pays baltes (Espace européen post-soviétique)BulgarieNon
94%
de l'Europe baltique / des Pays baltes (Espace européen post-soviétique)CroatieNon
94%
de l'Europe baltique / des Pays baltes (Espace européen post-soviétique)GéorgieNon
94%
de l'Europe baltique / des Pays baltes (Espace européen post-soviétique)HongrieNon
94%
de l'Europe baltique / des Pays baltes (Espace européen post-soviétique)(Kosovo)Non
94%
de l'Europe baltique / des Pays baltes (Espace européen post-soviétique)MacédoineNon
94%
de l'Europe baltique / des Pays baltes (Espace européen post-soviétique)MoldavieNon
94%
de l'Europe baltique / des Pays baltes (Espace européen post-soviétique)MonténégroNon
94%
de l'Europe du nordNorvègeOui
94%
de l'Europe baltique / des Pays baltes (Espace européen post-soviétique)RoumanieNon
94%
des Îles britanniquesRoyaume-Uni de Grande-Bretagne et d'Irlande du nordOui
94%
de l'Europe baltique / des Pays baltes (Espace européen post-soviétique)Russie (d'Europe)Non
94%
de l'Europe baltique / des Pays baltes (Espace européen post-soviétique)SerbieNon
94%
de l'Europe balkaniqueSlovaquieNon
94%
de l'Europe baltique / des Pays baltes (Espace européen post-soviétique)SlovaquieNon
94%
de l'Europe baltique / des Pays baltes (Espace européen post-soviétique)SlovénieNon
94%
de l'Europe baltique / des Pays baltes (Espace européen post-soviétique)Tchéquie / République tchèqueNon
94%
de l'Europe baltique / des Pays baltes (Espace européen post-soviétique)UkraineNon
94%
de l'Europe CentraleArménieNon
92%
de l'Europe baltique / des Pays baltes (Espace européen post-soviétique)AzerbaïdjanNon
92%
de l'Europe CentraleAzerbaïdjanNon
92%
de l'Europe du nordBelgiqueNon
92%
de l'Europe CentraleEstonieNon
92%
de l'Europe balkaniqueHongrieNon
92%
de l'Europe germaniqueIslandeNon
92%
de l'Europe CentraleLettonieNon
92%
de l'Europe germaniqueRoyaume-Uni de Grande-Bretagne et d'Irlande du nordNon
92%
de l'Europe CentraleGéorgieNon
91%
de l'Europe du nordGrand-Duché du LuxembourgNon
91%
de l'Europe (sud-)caucasienne (Espace européen post-soviétique)-Non
90%
de l'Europe (sud-)caucasienne (Espace européen post-soviétique)AlbanieNon
90%
de l'Europe (sud-)caucasienne (Espace européen post-soviétique)BélarusNon
90%
de l'Europe (sud-)caucasienne (Espace européen post-soviétique)Bosnie-HerzégovineNon
90%
de l'Europe (sud-)caucasienne (Espace européen post-soviétique)CroatieNon
90%
de l'Europe latineEspagneOui
90%
de l'Europe (sud-)caucasienne (Espace européen post-soviétique)EstonieNon
90%
de l'Europe latineItalie + Saint-SiègeOui
90%
de l'Europe (sud-)caucasienne (Espace européen post-soviétique)LettonieNon
90%
de l'Europe (sud-)caucasienne (Espace européen post-soviétique)LituanieNon
90%
de l'Europe CentraleLituanieNon
90%
de l'Europe (sud-)caucasienne (Espace européen post-soviétique)MonténégroNon
90%
de l'Europe germaniqueNorvègeNon
90%
de l'Europe baltique / des Pays baltes (Espace européen post-soviétique)PologneNon
90%
de l'Europe (sud-)caucasienne (Espace européen post-soviétique)SerbieNon
90%
de l'Europe (sud-)caucasienne (Espace européen post-soviétique)SlovaquieNon
90%
de l'Europe (sud-)caucasienne (Espace européen post-soviétique)SlovénieNon
90%
de l'Europe germaniqueSuèdeNon
90%
de l'Europe (sud-)caucasienne (Espace européen post-soviétique)Tchéquie / République tchèqueNon
90%
de l'Europe latineBelgiqueNon
88%
de l'Ex-Union soviétique européenne (Espace européen post-soviétique)Bosnie-HerzégovineNon
88%
de l'Ex-Union soviétique européenne (Espace européen post-soviétique)CroatieNon
88%
de l'Europe germaniqueDanemarkNon
88%
de l'Europe (sud-)caucasienne (Espace européen post-soviétique)HongrieNon
88%
des Îles britanniquesIrlandeOui
88%
de l'Europe (sud-)caucasienne (Espace européen post-soviétique)(Kosovo)Non
88%
de l'Europe (sud-)caucasienne (Espace européen post-soviétique)MacédoineNon
88%
de l'Europe (sud-)caucasienne (Espace européen post-soviétique)MoldavieNon
88%
de l'Europe (sud-)caucasienne (Espace européen post-soviétique)PologneNon
88%
de l'Europe latineSuisseNon
88%
de l'Europe (sud-)caucasienne (Espace européen post-soviétique)UkraineNon
88%
de l'Europe (sud-)caucasienne (Espace européen post-soviétique)BulgarieNon
87%
de l'Europe du nordDanemarkOui
87%
de l'Ex-Union soviétique européenne (Espace européen post-soviétique)(Kosovo)Non
87%
de l'Ex-Union soviétique européenne (Espace européen post-soviétique)MacédoineNon
87%
de l'Europe balkaniqueMoldavieNon
87%
de l'Ex-Union soviétique européenne (Espace européen post-soviétique)MonténégroNon
87%
de l'Europe méditerranéenne (/de Méditerranée) orientalePortugalNon
87%
de l'Ex-Union soviétique européenne (Espace européen post-soviétique)SerbieNon
87%
de l'Ex-Union soviétique européenne (Espace européen post-soviétique)SlovaquieNon
87%
de l'Ex-Union soviétique européenne (Espace européen post-soviétique)AlbanieNon
86%
de l'Europe du nordAllemagneNon
86%
de l'Europe latinePortugalOui
86%
de l'Europe (sud-)caucasienne (Espace européen post-soviétique)RoumanieNon
86%
de l'Ex-Union soviétique européenne (Espace européen post-soviétique)SlovénieNon
86%
de l'Europe CentraleAlbanieNon
85%
de l'Europe méditerranéenne (/de Méditerranée) orientaleGrèceOui
85%
de l'Europe latineGrèceNon
85%
de l'Ex-Union soviétique européenne (Espace européen post-soviétique)HongrieNon
85%
de l'Europe Centrale(Kosovo)Non
85%
de l'Europe CentraleMacédoineNon
85%
de l'Europe CentraleMoldavieNon
85%
de l'Europe CentraleMonténégroNon
85%
de l'Europe CentraleRussie (d'Europe)Non
85%
de l'Ex-Union soviétique européenne (Espace européen post-soviétique)Tchéquie / République tchèqueNon
85%
de l'Europe du nordIrlandeNon
83%
de l'Europe (sud-)caucasienne (Espace européen post-soviétique)Russie (d'Europe)Non
83%
de l'Ex-Union soviétique européenne (Espace européen post-soviétique)BulgarieNon
82%
de l'Europe du nordPays-BasNon
82%
de l'Ex-Union soviétique européenne (Espace européen post-soviétique)RoumanieNon
82%
de l'Europe méditerranéenne (/de Méditerranée) orientaleSaint-MarinNon
82%
de l'Europe méditerranéenne (/de Méditerranée) orientaleTurquie (d'Europe)Oui
82%
de l'Europe méditerranéenne (/de Méditerranée) orientaleChypreOui
81%
de l'Europe germaniqueLiechtensteinOui
81%
de l'Europe latineAndorreOui
79%
de l'Europe CentraleBosnie-HerzégovineNon
79%
de l'Europe CentraleBulgarieNon
79%
de l'Europe latineFranceOui
79%
de l'Europe du nordIslandeOui
79%
de l'Europe du nordRoyaume-Uni de Grande-Bretagne et d'Irlande du nordNon
79%
de l'Europe CentraleHongrieOui
78%
de l'Ex-Union soviétique européenne (Espace européen post-soviétique)PologneNon
78%
de l'Europe CentraleBélarusNon
76%
de l'Europe CentraleRoumanieNon
76%
de l'Europe CentraleUkraineNon
76%
de l'Europe germaniquePays-BasNon
74%
de l'Europe balkanique(Kosovo)Oui
73%
de l'Europe balkaniqueMonténégroOui
73%
de l'Europe CentraleSerbieNon
73%
de l'Europe balkaniqueBosnie-HerzégovineOui
72%
de l'Europe balkaniqueMacédoineOui
72%
de l'Europe balkaniqueSerbieOui
72%
de l'Europe CentraleTchéquie / République tchèqueOui
72%
de l'Europe balkaniqueAlbanieOui
71%
de l'Europe germaniqueBelgiqueNon
71%
de l'Europe CentraleCroatieNon
71%
de l'Europe CentraleSlovaquieOui
71%
de l'Europe germaniqueSuisseOui
71%
de l'Europe latineMonacoOui
69%
de l'Europe CentralePologneOui
68%
de l'Europe balkaniqueCroatieOui
67%
de l'Europe latineSaint-MarinOui
67%
de l'Europe méditerranéenne (/de Méditerranée) orientaleMonacoNon
65%
de l'Europe méditerranéenne (/de Méditerranée) orientaleFranceNon
64%
de l'Europe latineMalteNon
64%
de l'Ex-Union soviétique européenne (Espace européen post-soviétique)Russie (d'Europe)Oui
64%
de l'Europe méditerranéenne (/de Méditerranée) orientaleEspagneNon
62%
de l'Europe CentraleSlovénieNon
62%
de l'Ex-Union soviétique européenne (Espace européen post-soviétique)BélarusOui
59%
de l'Ex-Union soviétique européenne (Espace européen post-soviétique)UkraineOui
58%
de l'Europe germaniqueGrand-Duché du LuxembourgNon
54%
de l'Ex-Union soviétique européenne (Espace européen post-soviétique)AzerbaïdjanNon
53%
de l'Ex-Union soviétique européenne (Espace européen post-soviétique)ArménieNon
51%
de l'Europe méditerranéenne (/de Méditerranée) orientaleItalie + Saint-SiègeNon
51%
de l'Europe méditerranéenne (/de Méditerranée) orientaleMalteOui
51%
de l'Ex-Union soviétique européenne (Espace européen post-soviétique)MoldavieOui
50%
de l'Europe balkaniqueSlovénieOui
50%
de l'Ex-Union soviétique européenne (Espace européen post-soviétique)EstonieNon
49%
de l'Ex-Union soviétique européenne (Espace européen post-soviétique)LituanieNon
47%
de l'Ex-Union soviétique européenne (Espace européen post-soviétique)GéorgieNon
46%
de l'Europe baltique / des Pays baltes (Espace européen post-soviétique)LettonieOui
45%
de l'Europe baltique / des Pays baltes (Espace européen post-soviétique)EstonieOui
44%
de l'Ex-Union soviétique européenne (Espace européen post-soviétique)LettonieNon
44%
de l'Europe baltique / des Pays baltes (Espace européen post-soviétique)LituanieOui
44%
de l'Europe balkaniqueBulgarieOui
41%
de l'Europe (sud-)caucasienne (Espace européen post-soviétique)GéorgieOui
29%
de l'Europe (sud-)caucasienne (Espace européen post-soviétique)AzerbaïdjanOui
28%
de l'Europe (sud-)caucasienne (Espace européen post-soviétique)ArménieOui
27%
de l'Europe balkaniqueRoumanieOui
24%

Distribution des résultats

Percentile par nombre de réponses

% des personnes avec chaque résultat

Votre développement - résultats

Vous n’avez pas pris ce quiz